Statistics for Slovakia Euro 2020 Squad

Click here to take the quiz!

General Stats

  • This quiz has been taken 364 times
    (359 since last reset)
  • The average score is 11 of 27

Answer Stats

#PositionPlayer% Correct
17MF ©Marek Hamšík
92%
14DFMilan Škriniar
85%
1GKMartin Dúbravka
75%
8MFOndrej Duda
56%
19MFJuraj Kucka
54%
20FWRóbert Mak
54%
2DFPeter Pekarík
51%
22MFStanislav Lobotka
49%
7MFVladimír Weiss
46%
23GKMarek Rodák
45%
16DFDávid Hancko
38%
15DFTomáš Hubočan
36%
9FWRóbert Boženík
35%
18MFLukáš Haraslín
33%
4DFMartin Valjent
32%
3DFDenis Vavro
31%
21FWMichal Ďuriš
30%
13MFPatrik Hrošovský
30%
5DFĽubomír Šatka
29%
10MFTomáš Suslov
28%
ManagerŠtefan Tarkovič
27%
12GKDušan Kuciak
24%
11MFLászló Bénes
23%
26FWIvan Schranz
20%
6MFJán Greguš
20%
24DFMartin Koscelník
20%
25MFJakub Hromada
19%

Score Distribution

Percentile by Number Answered

Percent of People with Each Score

Your Score History

You have not taken this quiz since the last reset